| 000 | 00354nam a2200121Ia 4500 | ||
|---|---|---|---|
| 008 | 220616s9999||||xx |||||||||||||| ||und|| | ||
| 245 | 0 | _aVisual Servoing | |
| 546 | _aEnglish[eng] | ||
| 650 | _aWAP (wireless) technology | ||
| 700 | _aFung, Rong-Fong | ||
| 856 | _uhttps://mts.intechopen.com/storage/books/3791/authors_book/authors_book.pdf | ||
| 942 | _cEB | ||
| 999 |
_c19294 _d19294 |
||